Central Library OPAC University of Rajshahi

ترانۂ وحشت : کلام خان بہادر رضا على وحشت کلکتوى / Tarānah-yi Vaḥshat : Kalām-i K̲h̲ān Bahādur Raz̤ā ʻAlī Waḥshat Kalkatvī / (Record no. 85190)

MARC details
000 -LEADER
fixed length control field 00717nam a2200205 4500
001 - CONTROL NUMBER
control field 85190
003 - CONTROL NUMBER IDENTIFIER
rucl marc code BD-RjUL
005 - DATE AND TIME OF LATEST TRANSACTION
control field 20250713155232.0
008 - FIXED-LENGTH DATA ELEMENTS--GENERAL INFORMATION
fixed length control field 250713s1941 pk ||||| |||| 00| p urd d
035 ## - SYSTEM CONTROL NUMBER
System control number (BD-RjUL) 85190
040 ## - CATALOGING SOURCE
Original cataloging agency BD-RjUL
Language of cataloging eng
Transcribing agency BD-RjUL
041 ## - LANGUAGE CODE
Language code of text/sound track or separate title urd
082 ## - DEWEY DECIMAL CLASSIFICATION NUMBER
Edition number 23
Classification number 891.4391
Author mark and year WAT 1961
100 ## - MAIN ENTRY--PERSONAL NAME
Personal name وحشت،,) / Waḥshat
Dates associated with a name 1881-1956
9 (RLIN) 16009
245 ## - TITLE STATEMENT
Title ترانۂ وحشت : کلام خان بہادر رضا على وحشت کلکتوى / Tarānah-yi Vaḥshat : Kalām-i K̲h̲ān Bahādur Raz̤ā ʻAlī Waḥshat Kalkatvī /
Statement of responsibility, etc. وحشت،,, / Vaḥshat
260 ## - PUBLICATION, DISTRIBUTION, ETC. (IMPRINT)
Place of publication, distribution, etc. Lahore:
Name of publisher, distributor, etc. ,مکتبہ جدید
Date of publication, distribution, etc. 1961
300 ## - PHYSICAL DESCRIPTION
Pagination V. ;
Size 17 cm
650 ## - SUBJECT ADDED ENTRY--TOPICAL TERM
Topical term or geographic name as entry element Urdu Poetry
942 ## - ADDED ENTRY ELEMENTS (KOHA)
Source of classification or shelving scheme Dewey Decimal Classification
Koha item type Books
Holdings
Lost status Source of classification or shelving scheme Damaged status Not for loan Collection code Permanent Location Current Location Shelving location Date acquired Source of acquisition Cost, normal purchase price Full call number Date last seen Copy number Koha item type
  Dewey Decimal Classification   Not For Loan Non-fiction Central Library, University of Rajshahi Central Library, University of Rajshahi Reading Room 12/05/1967 Sh. Mubarak ali 7.00 U 891.4391 WAT V-1 1961 13/07/2025 C-1 Books